[Event "Catalunya-chT Gp2"]
[Site "Barcelona"]
[Date "2018.01.27"]
[Round "2.7"]
[White "Vera Pons, Felipe"]
[Black "Brusi Noguera, Ricardo Ll"]
[Result "1/2-1/2"]
[WhiteElo "2176"]
[BlackElo "2145"]
[PlyCount "21"]
[EventDate "2018.01.20"]
[EventType "team-tourn"]
[EventRounds "7"]
[EventCountry "ESP"]
[SourceTitle "CBM 182 Extra"]
[Source "ChessBase"]
[SourceDate "2018.02.23"]
[SourceVersion "1"]
[SourceVersionDate "2018.02.23"]
[SourceQuality "1"]
[WhiteTeam "Catalunya"]
[BlackTeam "St Cugat"]
[WhiteTeamCountry "ESP"]
[BlackTeamCountry "ESP"]

1. e4 Nf6 2. e5 Nd5 3. c4 Nb6 4. d4 d6 5. f4 g6 6. Nc3 Bg7 7. Be3 0-0 8. c5 N6d7 9. h4 Re8 10. h5 Nf8 11. hxg6 1/2-1/2

[Event "Catalunya-chT GpB final"]
[Site "Barcelona"]
[Date "2015.04.11"]
[Round "10.3"]
[White "Vera Pons, Felipe"]
[Black "Maroto Borras, Josep Lluis"]
[Result "1/2-1/2"]
[WhiteElo "2234"]
[BlackElo "2097"]
[PlyCount "74"]
[EventDate "2015.03.14"]
[EventType "team-tourn"]
[EventRounds "11"]
[EventCountry "ESP"]
[SourceTitle "EXT 2016"]
[Source "ChessBase"]
[SourceDate "2015.10.08"]
[SourceVersion "1"]
[SourceVersionDate "2015.10.08"]
[SourceQuality "1"]
[WhiteTeam "Catalunya"]
[BlackTeam "Sitges"]
[WhiteTeamCountry "ESP"]
[BlackTeamCountry "ESP"]

1. d4 b5 2. e4 Bb7 3. Bd3 e6 4. Nf3 c5 5. c3 a6 6. 0-0 Nf6 7. Re1 d5 8. exd5 Qxd5 9. Bg5 Nbd7 10. Nbd2 cxd4 11. c4 bxc4 12. Bxc4 Qd6 13. Bxf6 gxf6 14. Ne4 Qb6 15. Rc1 Bb4 16. Re2 Rc8 17. Nxd4 Bxe4 18. Rxe4 Ne5 19. Rxe5 fxe5 20. Bb5+ Ke7 21. Nc6+ Rxc6 22. Bxc6 Rd8 23. Qf3 Rc8 24. Rc2 Qd4 25. a3 e4 26. Bxe4 Qxb2 27. Qd1 Rxc2 28. Qxc2 Qa1+ 29. Qb1 Qxb1+ 30. Bxb1 Bxa3 31. g4 h6 32. Kg2 Kf6 33. Bd3 a5 34. f4 Bd6 35. Kf3 a4 36. Bc4 e5 37. fxe5+ Bxe5 1/2-1/2

[Event "Catalunya-chT Gp1"]
[Site "Barcelona"]
[Date "2015.03.07"]
[Round "7.2"]
[White "Boix Moreno, Daniel"]
[Black "Vera Pons, Felipe"]
[Result "0-1"]
[WhiteElo "2242"]
[BlackElo "2234"]
[PlyCount "82"]
[EventDate "2015.01.24"]
[EventType "team-tourn"]
[EventRounds "7"]
[EventCountry "ESP"]
[SourceTitle "EXT 2016"]
[Source "ChessBase"]
[SourceDate "2015.10.08"]
[SourceVersion "1"]
[SourceVersionDate "2015.10.08"]
[SourceQuality "1"]
[WhiteTeam "Tres Peons"]
[BlackTeam "Catalunya"]
[WhiteTeamCountry "ESP"]
[BlackTeamCountry "ESP"]

1. e4 g6 2. d4 Bg7 3. Nc3 d6 4. Bg5 Nf6 5. Qd2 h6 6. Bh4 g5 7. Bg3 Nh5 8. 0-0-0 a6 9. Qe2 Nxg3 10. hxg3 e6 11. f4 Nc6 12. e5 dxe5 13. dxe5 Qe7 14. Nf3 Bd7 15. Qe3 0-0-0 16. Ne4 g4 17. Ne1 Kb8 18. Be2 h5 19. Nd3 Bc8 20. Ndc5 Rxd1+ 21. Rxd1 Rd8 22. Qc3 Rxd1+ 23. Bxd1 Qe8 24. Be2 Ne7 25. Qb3 Ka8 26. Qa3 Ka7 27. b4 Nf5 28. Qc3 Qd8 29. Nb3 b6 30. Ng5 Qe7 31. Ne4 Bb7 32. Bd3 Qd7 33. Kb2 Ne3 34. Qd2 Bxe4 35. Qxe3 Bxg2 36. Bxa6 Kxa6 37. Qe2+ Ka7 38. Qxg2 f6 39. exf6 Bxf6+ 40. Kc1 Bc3 41. Qe4 Qb5 0-1

[Event "Catalunya-chT Gp1"]
[Site "Barcelona"]
[Date "2015.02.07"]
[Round "3.2"]
[White "Vera Pons, Felipe"]
[Black "Aloma Vidal, Roberto"]
[Result "0-1"]
[WhiteElo "2234"]
[BlackElo "2418"]
[PlyCount "88"]
[EventDate "2015.01.24"]
[EventType "team-tourn"]
[EventRounds "7"]
[EventCountry "ESP"]
[SourceTitle "CBM 164 Extra"]
[Source "ChessBase"]
[SourceDate "2015.03.02"]
[SourceVersion "1"]
[SourceVersionDate "2015.03.02"]
[SourceQuality "1"]
[WhiteTeam "Catalunya"]
[BlackTeam "Barcelona Escola Escacs"]
[WhiteTeamCountry "ESP"]
[BlackTeamCountry "ESP"]

1. Nf3 c5 2. g3 Nc6 3. Bg2 g6 4. c3 Bg7 5. d4 d5 6. 0-0 Bg4 7. dxc5 e5 8. h3 Bf5 9. Qa4 Nge7 10. Nbd2 0-0 11. e4 dxe4 12. Nxe4 b5 13. cxb6 axb6 14. Qc2 Qc7 15. Qe2 h6 16. Rd1 Be6 17. Nd6 Bb3 18. Rd2 Bxa2 19. Nb5 Qb8 20. b4 Bb3 21. Rxa8 Qxa8 22. Na3 Qc8 23. b5 Na5 24. Nxe5 Re8 25. f4 Nf5 26. Qf2 Qxc3 27. Bb2 Qxg3 28. Qxg3 Nxg3 29. Bd4 Rd8 30. Bc3 Rxd2 31. Bxd2 Bf8 32. Nd7 Bxa3 33. Bxa5 bxa5 34. b6 Ne2+ 35. Kf2 Nxf4 36. Nf6+ Kf8 37. b7 Bd6 38. Ne4 Bc7 39. Nc5 Nxg2 40. Nxb3 a4 41. Nd4 Nf4 42. h4 Ne6 43. Nb5 Bb8 44. Kf3 Nd8 0-1

[Event "Catalunya-chT Honor"]
[Site "Catalunya"]
[Date "2009.03.29"]
[Round "9"]
[White "Valencia Jimenez, Jose"]
[Black "Vera Pons, Felipe"]
[Result "1/2-1/2"]
[WhiteElo "2137"]
[BlackElo "2212"]
[PlyCount "64"]
[EventDate "2009.02.01"]
[EventType "team-tourn"]
[EventRounds "9"]
[EventCountry "ESP"]
[SourceTitle "EXT 2019"]
[Source "ChessBase"]
[SourceDate "2018.10.10"]
[SourceVersion "1"]
[SourceVersionDate "2018.10.10"]
[SourceQuality "1"]
[WhiteTeam "Cerdanyola Valles"]
[BlackTeam "Ateneu Colon"]
[WhiteTeamCountry "ESP"]
[BlackTeamCountry "ESP"]

1. Nf3 Nf6 2. c4 g6 3. g3 Bg7 4. Bg2 0-0 5. 0-0 d6 6. d4 c6 7. Nc3 Qa5 8. d5 cxd5 9. cxd5 b5 10. Nd4 b4 11. Nb1 Bb7 12. e4 Rc8 13. a3 Qb6 14. Be3 bxa3 15. Rxa3 Qd8 16. Nc3 Nbd7 17. f4 Nb6 18. Rb3 Nc4 19. Bf2 Rab8 20. Re1 Nd7 21. Bh3 Ba8 22. Rxb8 Rxb8 23. b3 Na5 24. Re2 Nc5 25. Rb2 Ncxb3 26. Ra2 Nxd4 27. Bxd4 Bxd4+ 28. Qxd4 Qb6 29. Qxb6 axb6 30. Bf1 Nb7 31. Ra7 Kf8 32. Bb5 Nc5 1/2-1/2

[Event "Catalunya-chT Honor"]
[Site "Catalunya"]
[Date "2009.03.22"]
[Round "8"]
[White "Vera Pons, Felipe"]
[Black "Pascual Sauch, Angel"]
[Result "1-0"]
[WhiteElo "2212"]
[BlackElo "2174"]
[PlyCount "75"]
[EventDate "2009.02.01"]
[EventType "team-tourn"]
[EventRounds "9"]
[EventCountry "ESP"]
[SourceTitle "EXT 2019"]
[Source "ChessBase"]
[SourceDate "2018.10.10"]
[SourceVersion "1"]
[SourceVersionDate "2018.10.10"]
[SourceQuality "1"]
[WhiteTeam "Ateneu Colon"]
[BlackTeam "Barbera"]
[WhiteTeamCountry "ESP"]
[BlackTeamCountry "ESP"]

1. Nf3 d5 2. g3 Nf6 3. Bg2 g6 4. 0-0 Bg7 5. d3 0-0 6. Nbd2 c5 7. e4 dxe4 8. dxe4 Nc6 9. Qe2 e5 10. c3 Qc7 11. Nc4 b5 12. Ne3 Rb8 13. Nh4 b4 14. Re1 a5 15. Nd5 Qa7 16. f4 Ba6 17. Qf3 bxc3 18. bxc3 Bc4 19. Nxf6+ Bxf6 20. f5 Bxh4 21. gxh4 f6 22. Qg3 Ne7 23. Bh6 Rfd8 24. h5 Kf7 25. fxg6+ hxg6 26. Rf1 Bxf1 27. Rxf1 c4+ 28. Kh1 Qc7 29. Bh3 Qd6 30. Bg5 f5 31. hxg6+ Qxg6 32. exf5 Qc6+ 33. Bg2 Qd6 34. Bxe7 Qxe7 35. Qg6+ Kf8 36. f6 Qf7 37. Qh6+ Kg8 38. Be4 1-0

[Event "Catalunya-chT Honor"]
[Site "Catalunya"]
[Date "2009.03.08"]
[Round "6"]
[White "Vera Pons, Felipe"]
[Black "De la Riva Aguado, Jorge"]
[Result "0-1"]
[WhiteElo "2212"]
[BlackElo "2247"]
[PlyCount "106"]
[EventDate "2009.02.01"]
[EventType "team-tourn"]
[EventRounds "9"]
[EventCountry "ESP"]
[SourceTitle "EXT 2019"]
[Source "ChessBase"]
[SourceDate "2018.10.10"]
[SourceVersion "1"]
[SourceVersionDate "2018.10.10"]
[SourceQuality "1"]
[WhiteTeam "Ateneu Colon"]
[BlackTeam "Foment Martinenc"]
[WhiteTeamCountry "ESP"]
[BlackTeamCountry "ESP"]

1. Nf3 d5 2. d4 Nf6 3. c4 c6 4. Nc3 a6 5. a4 e6 6. g3 dxc4 7. Bg2 Nbd7 8. Ne5 Nxe5 9. dxe5 Qxd1+ 10. Nxd1 Nd5 11. Bd2 b5 12. Ne3 Bb7 13. Nc2 Bc5 14. e4 Nb6 15. a5 Na4 16. Ra2 0-0-0 17. Ne3 Rd4 18. Rxa4 bxa4 19. Bc3 Rhd8 20. Ke2 a3 21. Bxd4 Rxd4 22. bxa3 Bxa3 23. Rd1 Rxd1 24. Kxd1 c3 25. Nc4 Bb4 26. Kc2 c5 27. Kb3 Bc6 28. Bf1 Ba4+ 29. Ka2 Kc7 30. Bd3 Kc6 31. f4 Bd1 32. Ne3 Ba4 33. Nc4 h5 34. f5 Bd1 35. Ne3 Ba4 36. Nc4 g6 37. f6 Kc7 38. Ne3 Bxa5 39. Bc4 c2 40. Nxc2 Bxc2 41. Bxe6 Bc3 42. Bxf7 Bxe5 43. Bxg6 Bxf6 44. h3 h4 45. gxh4 Bxh4 46. Kb2 Ba4 47. Kc3 Bb5 48. e5 Kd7 49. Bf7 Ke7 50. Bc4 Bg3 51. e6 Bxc4 52. Kxc4 Bf2 53. h4 Kxe6 0-1

[Event "Catalunya-chT Honor"]
[Site "Catalunya"]
[Date "2009.03.01"]
[Round "5"]
[White "Hernando Rodrigo, Jose Maria"]
[Black "Vera Pons, Felipe"]
[Result "1/2-1/2"]
[WhiteElo "2364"]
[BlackElo "2212"]
[PlyCount "28"]
[EventDate "2009.02.01"]
[EventType "team-tourn"]
[EventRounds "9"]
[EventCountry "ESP"]
[SourceTitle "EXT 2019"]
[Source "ChessBase"]
[SourceDate "2018.10.10"]
[SourceVersion "1"]
[SourceVersionDate "2018.10.10"]
[SourceQuality "1"]
[WhiteTeam "Montcada"]
[BlackTeam "Ateneu Colon"]
[WhiteTeamCountry "ESP"]
[BlackTeamCountry "ESP"]

1. c4 Nf6 2. Nc3 c5 3. g3 e6 4. Bg2 d5 5. cxd5 exd5 6. d3 Nc6 7. Bg5 Be7 8. Nh3 0-0 9. 0-0 d4 10. Na4 b6 11. Rc1 Bd7 12. e4 dxe3 13. fxe3 h6 14. Bxf6 Bxf6 1/2-1/2

[Event "Catalunya-chT Honor"]
[Site "Catalunya"]
[Date "2009.02.15"]
[Round "3"]
[White "Vera Pons, Felipe"]
[Black "Colon Garcia, Enrique"]
[Result "1-0"]
[WhiteElo "2212"]
[BlackElo "2152"]
[PlyCount "121"]
[EventDate "2009.02.01"]
[EventType "team-tourn"]
[EventRounds "9"]
[EventCountry "ESP"]
[SourceTitle "EXT 2019"]
[Source "ChessBase"]
[SourceDate "2018.10.10"]
[SourceVersion "1"]
[SourceVersionDate "2018.10.10"]
[SourceQuality "1"]
[WhiteTeam "Ateneu Colon"]
[BlackTeam "Sant Adria"]
[WhiteTeamCountry "ESP"]
[BlackTeamCountry "ESP"]

1. e4 c5 2. Nf3 d6 3. d4 cxd4 4. Nxd4 Nf6 5. Nc3 a6 6. Be2 e5 7. Nb3 Be7 8. Be3 0-0 9. g4 Be6 10. g5 Nfd7 11. Qd2 Nb6 12. 0-0-0 a5 13. a4 Nc6 14. Kb1 Nb4 15. h4 d5 16. exd5 N6xd5 17. Nc5 Nxe3 18. Qxe3 Qb6 19. Nd7 Qxe3 20. fxe3 Rfd8 21. Nxe5 Bc5 22. Nc4 b6 23. Rhf1 Bh3 24. Rh1 Bf5 25. e4 Be6 26. Nb5 Rac8 27. c3 Nc6 28. Ncd6 Rb8 29. Bc4 Ne5 30. Ba2 Bg4 31. Rd5 Be6 32. Rxe5 Bxa2+ 33. Kxa2 Bxd6 34. Nxd6 Rxd6 35. h5 Rbd8 36. Kb3 Rd2 37. h6 Kf8 38. hxg7+ Kxg7 39. Rh6 R2d6 40. Rxd6 Rxd6 41. Kc4 f6 42. Re7+ Kg6 43. gxf6 Rxf6 44. e5 Rf4+ 45. Kd5 h5 46. Re8 h4 47. Rg8+ Kf7 48. Rg1 Rxa4 49. Kd6 Re4 50. Rf1+ Kg7 51. e6 h3 52. e7 Re2 53. Rh1 h2 54. Rxh2 Re1 55. Rf2 Rd1+ 56. Ke6 Re1+ 57. Kd7 Rd1+ 58. Ke8 Re1 59. Rg2+ Kh7 60. Rg4 b5 61. Kd8 1-0

[Event "Barcelona Ateneu Colon 3rd op"]
[Site "Barcelona"]
[Date "2008.05.20"]
[Round "7.2"]
[White "Vera Pons, Felipe"]
[Black "Munoz Pantoja, Miguel Angel"]
[Result "0-1"]
[WhiteElo "2189"]
[BlackElo "2478"]
[PlyCount "62"]
[EventDate "2008.04.08"]
[EventType "swiss"]
[EventRounds "9"]
[EventCountry "ESP"]
[SourceTitle "EXT 2024"]
[Source "ChessBase"]
[SourceDate "2023.10.10"]
[SourceVersion "1"]
[SourceVersionDate "2023.10.10"]
[SourceQuality "1"]

1. e4 g6 2. d4 Bg7 3. Nc3 d6 4. f4 c6 5. Nf3 Nf6 6. Bd3 Bg4 7. Be3 0-0 8. h3 Bxf3 9. Qxf3 e5 10. dxe5 dxe5 11. f5 Nh5 12. 0-0-0 Qe7 13. g4 Nf4 14. h4 Nd7 15. g5 gxf5 16. exf5 f6 17. Bc4+ Kh8 18. Rhe1 Nb6 19. Bxb6 Qb4 20. Bf2 Qxc4 21. Re4 Qf7 22. Rxf4 exf4 23. g6 hxg6 24. fxg6 Qxg6 25. Rg1 Qf5 26. Ne4 Rad8 27. Bc5 Rfe8 28. Qg2 Bh6 29. Nxf6 f3+ 30. Qg5 Bxg5+ 31. hxg5 Qxg5+ 0-1

[Event "Banyoles op 10th"]
[Site "Banyoles"]
[Date "2007.08.17"]
[Round "2"]
[White "Vera Pons, Felipe"]
[Black "Aroshidze, Levan"]
[Result "0-1"]
[WhiteElo "2168"]
[BlackElo "2470"]
[PlyCount "56"]
[EventDate "2007.08.16"]
[EventType "swiss"]
[EventRounds "9"]
[EventCountry "ESP"]
[SourceTitle "CBM 119 Extra"]
[Source "ChessBase"]
[SourceDate "2007.09.04"]
[SourceVersion "1"]
[SourceVersionDate "2007.09.04"]
[SourceQuality "1"]

1. e4 c5 2. Nf3 d6 3. d4 cxd4 4. Nxd4 Nf6 5. Nc3 a6 6. Bc4 e6 7. Bb3 Be7 8. g4 0-0 9. g5 Nfd7 10. Rg1 Nc5 11. Be3 b5 12. Qh5 g6 13. Qe2 Bb7 14. f3 e5 15. Nf5 gxf5 16. exf5 Nxb3 17. axb3 d5 18. f6 Bb4 19. Rg4 d4 20. Rh4 dxe3 21. Rd1 Bxc3+ 22. bxc3 Qc8 23. Qd3 e4 24. fxe4 Qc6 25. Qe2 Qxc3+ 26. Kf1 Qe5 27. Qh5 Bxe4 28. Qh6 Qf5+ 0-1

[Event "Fincas Mediterranea 1st"]
[Site "Castelldefels"]
[Date "2004.08.24"]
[Round "7"]
[White "Gallego Montes, Antonio"]
[Black "Vera Pons, Felipe"]
[Result "1/2-1/2"]
[WhiteElo "2000"]
[BlackElo "2161"]
[PlyCount "36"]
[EventDate "2004.08.18"]
[EventType "swiss"]
[EventRounds "9"]
[EventCountry "ESP"]
[SourceTitle "EXT 2005"]
[Source "ChessBase"]
[SourceDate "2004.11.15"]
[SourceVersion "1"]
[SourceVersionDate "2004.11.15"]
[SourceQuality "1"]

1. e4 e6 2. d4 d5 3. e5 c5 4. c3 Nc6 5. Be3 Nh6 6. Nf3 Qb6 7. Qd2 Ng4 8. Be2 Nxe3 9. fxe3 Be7 10. 0-0 f6 11. exf6 Bxf6 12. Kh1 Bd7 13. Na3 0-0 14. Bd3 g6 15. dxc5 Qxc5 16. e4 Ne5 17. Nxe5 Bxe5 18. exd5 exd5 1/2-1/2

[Event "Internet Section 08A g/8'+2\""]
[Site "Dos Hermanas"]
[Date "2004.03.08"]
[Round "2"]
[White "Heimsoth, Sven Holger"]
[Black "Vera Pons, Felipe"]
[Result "1-0"]
[WhiteElo "2151"]
[BlackElo "2162"]
[PlyCount "49"]
[EventDate "2004.03.08"]
[EventType "swiss (blitz)"]
[EventRounds "9"]
[EventCountry "ESP"]
[SourceTitle "CBM 099 Extra"]
[Source "ChessBase"]
[SourceDate "2004.05.04"]
[SourceVersion "1"]
[SourceVersionDate "2004.05.04"]
[SourceQuality "1"]

1. d4 Nf6 2. Nc3 d5 3. Bg5 Nbd7 4. Nf3 g6 5. Ne5 Bg7 6. f4 0-0 7. e3 Nxe5 8. dxe5 Ne4 9. Nxe4 dxe4 10. Qxd8 Rxd8 11. Bxe7 Re8 12. Bh4 Be6 13. Be2 Bf8 14. 0-0 Bc5 15. Bf2 Red8 16. Rfd1 Kf8 17. b3 Ke8 18. Kf1 h5 19. h3 a5 20. a4 Bb4 21. Bh4 Rd7 22. Rxd7 Kxd7 23. Rd1+ Kc6 24. Kf2 Re8 25. Bb5+ 1-0

[Event "Catalunya-chT DH"]
[Site "Spain"]
[Date "2004.??.??"]
[Round "7"]
[White "Vera Pons, Felipe"]
[Black "Almirall Botella, Jaume"]
[Result "1-0"]
[WhiteElo "2162"]
[BlackElo "2065"]
[PlyCount "55"]
[EventDate "2004.??.??"]
[EventType "team"]
[EventRounds "9"]
[EventCountry "ESP"]
[SourceTitle "EXT 2007"]
[Source "ChessBase"]
[SourceDate "2006.11.23"]
[SourceVersion "1"]
[SourceVersionDate "2006.11.23"]
[SourceQuality "1"]

1. d4 Nf6 2. Nf3 g6 3. c4 c5 4. d5 b5 5. Nbd2 Qa5 6. Qc2 bxc4 7. e4 d6 8. Bxc4 Bg7 9. h3 0-0 10. 0-0 Na6 11. Nb3 Qa4 12. Qe2 Rb8 13. e5 dxe5 14. Nxe5 Nb4 15. Nxc5 Qa5 16. Nb3 Qa4 17. Rd1 Nxa2 18. Nc5 Nxc1 19. Rdxc1 Qb4 20. Nc6 Qxc5 21. Nxb8 Nxd5 22. Bxd5 Qxd5 23. Nc6 Qb3 24. Nxe7+ Kh8 25. Rxc8 Rxc8 26. Nxc8 Bxb2 27. Rb1 Qb8 28. Qxb2+ 1-0

[Event "Catalunya-ch Absolut"]
[Site "Barcelona"]
[Date "2001.04.10"]
[Round "3"]
[White "Hernando Rodrigo, Julio Antonio"]
[Black "Vera Pons, Felipe"]
[Result "1-0"]
[WhiteElo "2323"]
[BlackElo "2131"]
[PlyCount "46"]
[EventDate "2001.04.08"]
[EventType "swiss"]
[EventRounds "9"]
[EventCountry "ESP"]
[SourceTitle "EXT 2008"]
[Source "ChessBase"]
[SourceDate "2007.11.25"]
[SourceVersion "1"]
[SourceVersionDate "2007.11.25"]
[SourceQuality "1"]

1. d4 d5 2. c4 e6 3. Nc3 c6 4. e4 dxe4 5. Nxe4 Bb4+ 6. Nc3 c5 7. a3 Bxc3+ 8. bxc3 Ne7 9. Bg5 Nbc6 10. Nf3 b6 11. Bd3 Bb7 12. 0-0 cxd4 13. Bxe7 Nxe7 14. cxd4 0-0 15. Ng5 Nf5 16. Bxf5 Qxg5 17. Bg4 Rad8 18. Ra2 Qf4 19. Rd2 Rd6 20. Re1 Rfd8 21. g3 Qf6 22. d5 g6 23. Qf3 b5 1-0

[Event "Santa Coloma 8th"]
[Site "Santa Coloma"]
[Date "2000.09.08"]
[Round "8"]
[White "Ruiz Mata, Oscar"]
[Black "Vera Pons, Felipe"]
[Result "1/2-1/2"]
[WhiteElo "2252"]
[BlackElo "2154"]
[PlyCount "70"]
[EventDate "2000.09.01"]
[EventType "tourn"]
[EventRounds "9"]
[EventCountry "ESP"]
[SourceTitle "EXT 2001"]
[Source "ChessBase"]
[SourceDate "2000.11.22"]
[SourceVersion "1"]
[SourceVersionDate "2000.11.22"]
[SourceQuality "1"]

1. d4 Nf6 2. c4 g6 3. Nc3 d5 4. cxd5 Nxd5 5. e4 Nxc3 6. bxc3 Bg7 7. Be3 c5 8. Qd2 Qa5 9. Rc1 0-0 10. Nf3 cxd4 11. cxd4 Qxd2+ 12. Kxd2 Rd8 13. Bb5 Bd7 14. Bxd7 Nxd7 15. Rc7 Ne5 16. Nxe5 Bxe5 17. Rxb7 Bxd4 18. Rhb1 Rac8 19. Bxd4 Rxd4+ 20. Ke3 Ra4 21. Rb8 Rxb8 22. Rxb8+ Kg7 23. Rb2 h5 24. Rc2 Kf6 25. Rc6+ e6 26. Rc2 e5 27. Rc6+ Kg5 28. Rc2 Ra3+ 29. Ke2 Kf4 30. f3 h4 31. Kf2 f5 32. g3+ hxg3+ 33. hxg3+ Kg5 34. exf5 gxf5 35. Re2 e4 1/2-1/2

[Event "Catalunya-ch"]
[Site "Barcelona"]
[Date "2000.??.??"]
[Round "7"]
[White "Estremera Panos, Sergio"]
[Black "Vera Pons, Felipe"]
[Result "1-0"]
[WhiteElo "2353"]
[BlackElo "2150"]
[PlyCount "57"]
[EventDate "2000.??.??"]
[EventType "swiss"]
[EventRounds "9"]
[EventCountry "ESP"]
[SourceTitle "EXT 2001"]
[Source "ChessBase"]
[SourceDate "2000.11.22"]
[SourceVersion "1"]
[SourceVersionDate "2000.11.22"]
[SourceQuality "1"]

1. d4 d5 2. c4 e6 3. Nf3 c6 4. Nbd2 Nf6 5. e3 Nbd7 6. Bd3 Bd6 7. 0-0 e5 8. cxd5 cxd5 9. dxe5 Nxe5 10. Nxe5 Bxe5 11. Nf3 Bd6 12. Bb5+ Bd7 13. Bxd7+ Qxd7 14. b3 0-0 15. Bb2 Be7 16. Qd4 b6 17. Ne5 Qf5 18. Nc6 Bd6 19. Qh4 Ng4 20. h3 Nh2 21. Qg3 Bxg3 22. Ne7+ Kh8 23. Nxf5 Nxf1 24. Bxg7+ Kg8 25. Bxf8 Be5 26. Rxf1 Kxf8 27. Rc1 Rd8 28. f4 Bb2 29. Rc7 1-0

[Event "Catalunya Club op"]
[Site "Spain"]
[Date "1999.??.??"]
[Round "?"]
[White "Escudero Martinez, Alberto"]
[Black "Vera Pons, Felipe"]
[Result "0-1"]
[WhiteElo "1905"]
[BlackElo "2010"]
[PlyCount "56"]
[EventDate "1999.??.??"]
[EventType "swiss"]
[EventRounds "9"]
[EventCountry "ESP"]
[SourceTitle "EXT 2000"]
[Source "ChessBase"]
[SourceDate "1999.11.16"]
[SourceVersion "1"]
[SourceVersionDate "1999.11.16"]
[SourceQuality "1"]

1. d4 Nf6 2. c4 g6 3. Nc3 Bg7 4. e4 0-0 5. e5 Ne8 6. Nf3 d6 7. Bf4 Nc6 8. exd6 exd6 9. Be2 Bg4 10. Be3 Nf6 11. h3 Bf5 12. Bd3 Qd7 13. Nh4 Bxd3 14. Qxd3 d5 15. cxd5 Nxd5 16. Nxd5 Qxd5 17. Nf3 Rad8 18. 0-0 Nxd4 19. Nxd4 c5 20. Rfd1 cxd4 21. Rd2 Qe5 22. Bxd4 Rxd4 23. Qc2 Rxd2 24. Qxd2 Qxb2 25. Qxb2 Bxb2 26. Rb1 Bd4 27. Rxb7 Rc8 28. Rd7 Rc1+ 0-1

[Event "Catalunya Club op"]
[Site "Spain"]
[Date "1999.??.??"]
[Round "?"]
[White "Gonzalez Garcia, Marc"]
[Black "Vera Pons, Felipe"]
[Result "1-0"]
[WhiteElo "2075"]
[BlackElo "2010"]
[PlyCount "87"]
[EventDate "1999.??.??"]
[EventType "swiss"]
[EventRounds "9"]
[EventCountry "ESP"]
[SourceTitle "EXT 2000"]
[Source "ChessBase"]
[SourceDate "1999.11.16"]
[SourceVersion "1"]
[SourceVersionDate "1999.11.16"]
[SourceQuality "1"]

1. d4 Nf6 2. Bg5 c6 3. Bxf6 exf6 4. e3 d5 5. Nd2 Qb6 6. Qc1 Bg4 7. Be2 f5 8. h3 Bxe2 9. Nxe2 Nd7 10. g4 fxg4 11. hxg4 c5 12. c3 Qg6 13. f3 Bd6 14. Qb1 Qe6 15. Kf2 0-0-0 16. Qf5 Rde8 17. Qxe6 Rxe6 18. Nf4 Bxf4 19. exf4 Rhe8 20. Rae1 Rxe1 21. Rxe1 Rxe1 22. Kxe1 c4 23. Nf1 b5 24. Ne3 Nb6 25. Nf5 Kd7 26. Nxg7 Na4 27. Nh5 Nxb2 28. f5 Nd3+ 29. Kd2 Ke7 30. g5 a5 31. a3 Nf2 32. Nf4 Kd6 33. Ke1 Nh1 34. Ne2 b4 35. cxb4 axb4 36. axb4 Kc6 37. Kf1 Kb5 38. Kg2 Kxb4 39. Kxh1 c3 40. Kg2 c2 41. Kf2 Kc4 42. Ke3 Kb3 43. f6 Kb2 44. Kd2 1-0

[Event "Catalunya Club op"]
[Site "Spain"]
[Date "1999.??.??"]
[Round "?"]
[White "Vera Pons, Felipe"]
[Black "Serrano Pertinez, Miquel"]
[Result "0-1"]
[WhiteElo "2010"]
[BlackElo "2210"]
[PlyCount "96"]
[EventDate "1999.??.??"]
[EventType "swiss"]
[EventRounds "9"]
[EventCountry "ESP"]
[SourceTitle "EXT 2000"]
[Source "ChessBase"]
[SourceDate "1999.11.16"]
[SourceVersion "1"]
[SourceVersionDate "1999.11.16"]
[SourceQuality "1"]

1. d4 e6 2. e4 d5 3. Nc3 Bb4 4. e5 Ne7 5. Bd2 c5 6. Nf3 cxd4 7. Nb5 Bxd2+ 8. Qxd2 0-0 9. Bd3 Nbc6 10. 0-0 Ng6 11. Rae1 Qb6 12. Bxg6 fxg6 13. Nbxd4 Bd7 14. c3 Rac8 15. Rb1 Qa5 16. Rfe1 a6 17. a3 h6 18. Qd3 g5 19. Nxc6 bxc6 20. Qg6 Rf7 21. h4 gxh4 22. Nxh4 Qb6 23. Rf1 c5 24. Rfe1 Rcf8 25. Re3 c4 26. Nf3 Rf5 27. Nd4 Rg5 28. Qc2 Be8 29. Rbe1 Bg6 30. Qd2 Be4 31. Rxe4 dxe4 32. Rxe4 Qb7 33. Qe2 Rf4 34. f3 Rxe4 35. fxe4 Rxe5 36. Qxc4 Rxe4 37. b4 Kh7 38. Qd3 Kh8 39. c4 Rg4 40. Nf3 e5 41. Qd8+ Kh7 42. Qf8 Qe4 43. c5 Qb1+ 44. Kh2 Qg6 45. Ne1 Qh5+ 46. Kg1 Rf4 47. Qe7 Qe2 48. Nf3 Rg4 0-1

[Event "Ideal Clave op"]
[Site "Barcelona"]
[Date "1997.10.18"]
[Round "4"]
[White "Quiles Olive, Manuel"]
[Black "Vera Pons, Felipe"]
[Result "1/2-1/2"]
[WhiteElo "1960"]
[BlackElo "1910"]
[PlyCount "29"]
[EventDate "1997.09.??"]
[EventType "swiss"]
[EventRounds "9"]
[EventCountry "ESP"]
[SourceTitle "EXT 2003"]
[Source "ChessBase"]
[SourceDate "2002.11.25"]
[SourceVersion "1"]
[SourceVersionDate "2002.11.25"]
[SourceQuality "1"]

1. e4 d6 2. d4 Nf6 3. Bd3 e5 4. c3 d5 5. Bg5 dxe4 6. Bxe4 Be7 7. Bxf6 Bxf6 8. Nf3 exd4 9. cxd4 c5 10. 0-0 0-0 11. Nc3 cxd4 12. Nd5 Nc6 13. Qc2 g6 14. Rad1 Bg7 15. Nf4 1/2-1/2